000 00547nam a2200169Ia 4500
008 090201s9999 xx 000 0 und d
010 _aKPL-70686
040 _bमराठी
041 _aमराठी
082 _a49051
_b70686
100 _aअजय ताम्हणे
245 _aमिशन अंडरर्वल्ड
_cअजय ताम्हणे
260 _c2005
_bअमोद प्रकाशन
300 _a146
_bमध्यम
600 _aमिशन अंडरर्वल्ड
942 _cBOOK
999 _c245637
_d245637